Loading...
Fine Arts - Other Fine Arts | 0 | 4 | 0 | 1 | 40 | 111 | 127.50 | 0 | 3 |
Fine Arts - Classical Music | 0 | 4 | 2 | 1 | 30 | 113 | 122.50 | 1 | 2 |
Literature - World Literature | 0 | 3 | 0 | 3 | 30 | 138 | 142.00 | 0 | 0 |
Literature - American Literature | 0 | 1 | 0 | 0 | 10 | 120 | 120.00 | 0 | 1 |
Literature - British Literature | 0 | 1 | 0 | 0 | 10 | 139 | 139.00 | 0 | 1 |
Science - Biology | 0 | 1 | 0 | 0 | 10 | 65 | 65.00 | 0 | 1 |
Religion | 0 | 1 | 0 | 0 | 10 | 127 | 127.00 | 0 | 0 |
History - American History | 0 | 1 | 0 | 0 | 10 | 85 | 85.00 | 1 | 1 |
History - Other History | 0 | 1 | 0 | 0 | 10 | 101 | 101.00 | 0 | 0 |
Social Science | 0 | 1 | 1 | 0 | 5 | 57 | 57.00 | 1 | 1 |
Science - Chemistry | 0 | 0 | 0 | 0 | 0 | 0.00 | 0 | 0 | |
Literature - European Literature | 0 | 0 | 1 | 0 | -5 | 0.00 | 0 | 0 |